Normal view
MARC view
- Horland, Cristopher
Entry Personal Name
001 - CONTROL NUMBER
- control field: 3980
003 - CONTROL NUMBER IDENTIFIER
- control field: OSt
005 - DATE AND TIME OF LATEST TRANSACTION
- control field: 20210303150011.0
008 - FIXED-LENGTH DATA ELEMENTS
- fixed length control field: 210303|| aca||aabn | a|a d
040 ## - CATALOGING SOURCE
- Original cataloging agency: OSt
- Transcribing agency: OSt
100 ## - HEADING--PERSONAL NAME
- Personal name: Horland, Cristopher
670 ## - SOURCE DATA FOUND
- Source citation: Work cat.: (OSt)4671: Horland, Cristopher , Basic Documents On International Humanitarian Law - South Asia Collection ( Treaties , National Lizitation , Cos - Law and Other Documents), c2010
